| 000 | 02191cam a2200313 4500500 | ||
|---|---|---|---|
| 005 | 20260329012543.0 | ||
| 041 | _afre | ||
| 042 | _adc | ||
| 100 | 1 | 0 |
_aBéliard, Anne-Sophie _eauthor |
| 700 | 1 | 0 |
_aFigeac, Julien _eauthor |
| 700 | 1 | 0 |
_aBideau, Laëtitia _eauthor |
| 245 | 0 | 0 | _aConflictualité des controverses sur les réseaux numériques : tensions, autocensure et transformation du débat public |
| 260 | _c2025. | ||
| 500 | _a100 | ||
| 520 | _aCet article analyse les dynamiques de conflictualité qui ont structuré les controverses sur les réseaux sociaux numériques pendant la crise du Covid-19. Certains mécanismes favorisent la montée des tensions en ligne : surcharge informationnelle, transformation des débats en affrontements polarisés, influence des algorithmes dans la radicalisation des échanges, défiance croissante envers les institutions. Les logiques d’engagement, de retrait ou d’autocensure recomposent des formes de participation en ligne et la conflictualité tend à devenir un mode ordinaire d’interaction. | ||
| 520 | _aThis article analyzes the dynamics of conflictuality structuring controversies on social media during the Covid-19 crisis. A number of mechanisms are contributing to the rise in tensions online: information overload, the transformation of debates into polarized confrontations, the influence of algorithms in radicalizing exchanges, and growing distrust of institutions. Logics of engagement, withdrawal, or self-censorship are restructuring forms of online participation, and conflictuality is becoming an ordinary mode of interaction. | ||
| 690 | _aalgorithmes et polarisation | ||
| 690 | _aautocensure en ligne | ||
| 690 | _aconflictualité numérique | ||
| 690 | _adéfiance institutionnelle | ||
| 690 | _aradicalisation des échanges | ||
| 690 | _aalgorithms and polarization | ||
| 690 | _adigital conflictuality | ||
| 690 | _ainstitutional distrust | ||
| 690 | _aonline self-censorship | ||
| 690 | _aradicalization of exchanges | ||
| 786 | 0 | _nEmpan | 140 | 4 | 2025-11-25 | p. 57-64 | 1152-3336 | |
| 856 | 4 | 1 | _uhttps://shs.cairn.info/revue-empan-2025-4-page-57?lang=fr&redirect-ssocas=7080 |
| 999 |
_c1872157 _d1872157 |
||